| 000 | 00485nam a22001697a 4500 | ||
|---|---|---|---|
| 005 | 20251108170905.0 | ||
| 008 | 250721s9999 xx 000 0 ara d | ||
| 082 | 1 | 4 | _a818/ماج |
| 100 | 1 | _aدودين، ماجد | |
| 245 | 1 | 0 | _aمن كل بستان زهرة / |
| 264 | 1 |
_aعمان : _bالدار الشامية للنشر، _c[19-]. |
|
| 300 | _a109ص | ||
| 650 | 1 | 7 | _aالأدب العربي |
| 650 | 1 | 7 | _aالمتنوعات الأدبية |
| 942 |
_2ddc _cBK |
||
| 999 |
_c51417 _d51417 |
||